<?xml version="1.0" encoding="UTF-8"?>
<record
    xmlns:xsi="http://www.w3.org/2001/XMLSchema-instance"
    xsi:schemaLocation="http://www.loc.gov/MARC21/slim http://www.loc.gov/standards/marcxml/schema/MARC21slim.xsd"
    xmlns="http://www.loc.gov/MARC21/slim">

  <leader>00840nam a22002177a 4500</leader>
  <controlfield tag="003">0</controlfield>
  <controlfield tag="005">20220929110014.0</controlfield>
  <controlfield tag="008">220929b        |||||||| |||| 00| 0 fre. d</controlfield>
  <datafield tag="040" ind1=" " ind2=" ">
    <subfield code="a">BUAC </subfield>
    <subfield code="b">Fre. </subfield>
    <subfield code="c">BEPAC</subfield>
  </datafield>
  <datafield tag="100" ind1=" " ind2=" ">
    <subfield code="a">ADJAKPE C. Paulin</subfield>
  </datafield>
  <datafield tag="245" ind1=" " ind2=" ">
    <subfield code="a">Etude de faisabilit&#xE9; pour  l'&#xE9;lectrification par raccordement aux r&#xE9;seaux conventionnels de la SBEE de la localit&#xE9; de Tanga-Todo dans la commune d'Allada</subfield>
    <subfield code="c">/par C. Paulin ADJAKPE ; Wilfried ADJIBA ; Vincent HOUNDEDAKO</subfield>
  </datafield>
  <datafield tag="260" ind1=" " ind2=" ">
    <subfield code="a">Abomey-Calavi : </subfield>
    <subfield code="b">Ecole polytechnique d'Abomey-Calavi ;</subfield>
    <subfield code="c"> 2021  </subfield>
  </datafield>
  <datafield tag="300" ind1=" " ind2=" ">
    <subfield code="a">1-71 p.</subfield>
    <subfield code="c">30 cm.</subfield>
  </datafield>
  <datafield tag="500" ind1=" " ind2=" ">
    <subfield code="a">Rapport(GE) /EPAC / UAC</subfield>
  </datafield>
  <datafield tag="650" ind1=" " ind2=" ">
    <subfield code="a">&#xC9;lectrification </subfield>
  </datafield>
  <datafield tag="650" ind1=" " ind2=" ">
    <subfield code="a">R&#xE9;seaux conventionnels </subfield>
  </datafield>
  <datafield tag="650" ind1=" " ind2=" ">
    <subfield code="a">Tanga-Todo </subfield>
  </datafield>
  <datafield tag="700" ind1=" " ind2=" ">
    <subfield code="a">ADJIBA, Wilfried </subfield>
    <subfield code="e">Tuteur</subfield>
  </datafield>
  <datafield tag="700" ind1=" " ind2=" ">
    <subfield code="a">HOUNDEDAKO, Vincent </subfield>
    <subfield code="e">Ma&#xEE;tre de m&#xE9;moire</subfield>
  </datafield>
  <datafield tag="942" ind1=" " ind2=" ">
    <subfield code="2">ddc</subfield>
    <subfield code="c">THE</subfield>
  </datafield>
  <datafield tag="999" ind1=" " ind2=" ">
    <subfield code="c">62412</subfield>
    <subfield code="d">62412</subfield>
  </datafield>
  <datafield tag="952" ind1=" " ind2=" ">
    <subfield code="0">0</subfield>
    <subfield code="1">0</subfield>
    <subfield code="2">ddc</subfield>
    <subfield code="4">0</subfield>
    <subfield code="7">0</subfield>
    <subfield code="a">BEPAC</subfield>
    <subfield code="b">BEPAC</subfield>
    <subfield code="c">R&#xE9;serve</subfield>
    <subfield code="d">2022-09-29</subfield>
    <subfield code="f">R29729</subfield>
    <subfield code="l">0</subfield>
    <subfield code="o">41.GE/ADJ</subfield>
    <subfield code="p">R29729EPAC</subfield>
    <subfield code="r">2022-09-29 00:00:00</subfield>
    <subfield code="t">1</subfield>
    <subfield code="w">2022-09-29</subfield>
    <subfield code="y">THE</subfield>
  </datafield>
  <datafield tag="952" ind1=" " ind2=" ">
    <subfield code="0">0</subfield>
    <subfield code="1">0</subfield>
    <subfield code="2">ddc</subfield>
    <subfield code="4">0</subfield>
    <subfield code="7">0</subfield>
    <subfield code="a">BENEAM</subfield>
    <subfield code="b">BEPAC</subfield>
    <subfield code="c">R&#xE9;serve</subfield>
    <subfield code="d">2022-09-29</subfield>
    <subfield code="f">R29730</subfield>
    <subfield code="l">0</subfield>
    <subfield code="o">41.GE/ADJ</subfield>
    <subfield code="p">R29730EPAC</subfield>
    <subfield code="r">2022-09-29 00:00:00</subfield>
    <subfield code="t">2</subfield>
    <subfield code="w">2022-09-29</subfield>
    <subfield code="y">THE</subfield>
  </datafield>
</record>
